Good parents or good workers? (Record no. 189340)
[ view plain ]
| 000 -LEADER | |
|---|---|
| fixed length control field | 01464nam a2200337Ia 4500 |
| 245 00 - TITLE STATEMENT | |
| Title | Good parents or good workers? |
| 260 ## - PUBLICATION, DISTRIBUTION, ETC. (IMPRINT) | |
| Place of publication | New York : |
| Name of publisher | Palgrave Macmillan, |
| Year of publication | 2005. |
| 300 ## - PHYSICAL DESCRIPTION | |
| Number of Pages | xii, 186 p. |
| 500 ## - GENERAL NOTE | |
| General note | Papers originally presented at a national conference sponsored by the Haas Jr. Fund of San Francisco in 2001. |
| 650 #0 - SUBJECT ADDED ENTRY--TOPICAL TERM | |
| Topical Term | Poor families |
| Topical Term | Family policy |
| Topical Term | Public welfare |
| 700 1# - ADDED ENTRY--PERSONAL NAME | |
| Personal name | Berrick, Jill Duerr. |
| Personal name | Fuller, Bruce. |
| 856 40 - ELECTRONIC LOCATION AND ACCESS | |
| Uniform Resource Identifier | http://site.ebrary.com/lib/rucke/Doc?id=10135743 |
No items available.
